=LDR 00000nam 2200000 4500 =001 INLIS000000000030802 =990 ##$$a 20900271 =005 20130612132923 =008 ***********************************ind** =035 ##$$0010-061300000030802 =041 ##$$a ind =082 ##$$a F Rom K =090 ##$$a F Rom K, Wes t =100 ##$$a West, Cindy =245 ##$$a Teman kejutan, Cindy West, Ilustrasi, Franc Mateu =260 ##$$a 2004 $b Jakarta =300 ##$$a 32 hlm, ilus, 23 cm =650 ##$$a Fiksi Kanak-kanak =850 ##$$a NBPNMAT =990 ##$$a 12281228 =990 ##$$a 20900271